| 000 | 00390nam a2200121Ia 4500 | ||
|---|---|---|---|
| 008 | 191206s9999 xx 000 0 und d | ||
| 090 | _aPS535.N56 | ||
| 245 | 0 | _aNineteenth-century American reader | |
| 260 | _a"Published by the U.S. Information Agency, Division for the Study of the U.S." | ||
| 260 | _cc1987 | ||
| 300 | _a"xvi, 579 p. : ill. ; 23 cm." | ||
| 999 |
_c16559 _d16559 |
||